000 00507nam a22001697a 4500
005 20251028163054.0
008 251028b |||||||| |||| 00| 0 eng d
020 _a9780323026017
050 _aRT51
_b.P365
100 _aPerry, Anne Griffin
245 _aClinical Nursing Skills & Techniques
_cAnne Griffin Perry & Patricia A. Potter
250 _a5th ed.
260 _aSt. Louis
_bMosby
_c2004
300 _axxvi. 1311p.
_bill. color
_c27.5cm
700 _aPotter, Patricia A.
942 _2lcc
_cBK
_e5th ed.
_n0
999 _c7863
_d7863